| 000 | aam a22 a 4500 | ||
|---|---|---|---|
| 999 |
_c3573 _d3573 |
||
| 003 | AKMAL | ||
| 005 | 20170523112824.0 | ||
| 008 | 170523s1985 my a00 may d | ||
| 040 | _aAKMAL | ||
| 082 | 0 | 4 | _a658.562 TEM |
| 090 | 0 | 0 |
_a658.562 _bTEM |
| 100 | 0 |
_aTembun Ghani _97103 |
|
| 245 | 1 | 0 |
_aKumpulan kawalan mutu (QCC) : _bfalsafah pendekatan & kaedah / _cTembun Ghani, Raduwan Safperwan, Joseph Paul |
| 260 |
_aKuala Lumpur : _bDewan Bahasa dan Pustaka, _c1985 |
||
| 300 | 0 | 0 |
_a123ms. : _bill. ; _c21cm |
| 650 | 0 |
_aDecision-making, Group _96831 |
|
| 650 | 0 |
_aManagement _91462 |
|
| 700 | 0 |
_aRaduwan Safperwan _96079 |
|
| 700 | 1 |
_aPaul, Joseph _96081 |
|
| 942 |
_2ddc _cBOOK |
||